Central Library OPAC University of Rajshahi

The Word in history : (Record no. 56795)

MARC details
000 -LEADER
fixed length control field 00623nam a2200205 a 4500
001 - CONTROL NUMBER
control field 56795
003 - CONTROL NUMBER IDENTIFIER
rucl marc code BD-RjUL
005 - DATE AND TIME OF LATEST TRANSACTION
control field 20211209080432.0
008 - FIXED-LENGTH DATA ELEMENTS--GENERAL INFORMATION
fixed length control field 161204s1968 enk 100 0 eng d
035 ## - SYSTEM CONTROL NUMBER
System control number (BD-RjUL)56919
040 ## - CATALOGING SOURCE
Original cataloging agency EUT
Transcribing agency EUT
Modifying agency BD-RjUL
Language of cataloging eng
041 ## - LANGUAGE CODE
Language code of text/sound track or separate title eng
082 ## - DEWEY DECIMAL CLASSIFICATION NUMBER
Edition number 23
Classification number 230
Author mark and year WOR 1968
245 04 - TITLE STATEMENT
Title The Word in history :
Remainder of title the St. Xavier symposium /
Statement of responsibility, etc. edited by T. Patrick Burke.
260 ## - PUBLICATION, DISTRIBUTION, ETC. (IMPRINT)
Place of publication, distribution, etc. London :
Name of publisher, distributor, etc. Collins,
Date of publication, distribution, etc. c1966 [Reprint 1968].
300 ## - PHYSICAL DESCRIPTION
Pagination ix, 180 p.
Size 22 cm.
650 #0 - SUBJECT ADDED ENTRY--TOPICAL TERM
Topical term or geographic name as entry element Theology, Doctrinal
9 (RLIN) 168888
700 1# - ADDED ENTRY--PERSONAL NAME
Personal name Burke, T. Patrick
Fuller form of name (Thomas Patrick),
Dates associated with a name 1934-
942 ## - ADDED ENTRY ELEMENTS (KOHA)
Source of classification or shelving scheme Dewey Decimal Classification
Koha item type Books
Holdings
Lost status Source of classification or shelving scheme Damaged status Not for loan Collection code Permanent Location Current Location Shelving location Date acquired Source of acquisition Cost, normal purchase price Total Checkouts Full call number Date last seen Copy number Koha item type
  Dewey Decimal Classification   Not For Loan Non-fiction Central Library, University of Rajshahi Central Library, University of Rajshahi Reading Room 09/10/1973 Ideal Library. 27.50   230 WOR 1968 04/12/2016 C-1 Books